00818nam a22001817a 450000500170000000800410001702000180005804000100007608200230008610000310010924500650014026000430020530000210024865001400026994200130040999900170042295201970043920260218171334.0260218b |||||||| |||| 00| 0 eng d a9789393875143 cVITAP 223a954.821092 SAN aSanthanam, Kausalya917133 aPioneersb: Stars in The Madras Galaxyc/ Kausalya Santhanam aChennaibTHG Publishing Pvt Ltd.c2023 a215p, ill.: 23cm 0aBiographical Profiles, Education & Academia, Law & Judiciary, Business & Industry, Arts & Culture, Medicine & Public Health etc.917134 2ddccREF c47299d47299 00102ddc3Paper Back40718REFaVSBbVITAPcREFd2026-01-12eThe Hindu Group of Publicationsg499.00i9001173329l0o954.821.92 SANp025507r2026-02-18 17:12:44v499.00w2026-01-12yREFzGEN